| 000 | 00333nam a2200121Ia 4500 | ||
|---|---|---|---|
| 008 | 210430s9999 xx 000 0 und d | ||
| 082 | _a297 H968 T | ||
| 100 |
_aIqbal S.Hussain _9356 |
||
| 245 |
_aTerrorism In Action / _cIqbal S.Hussain |
||
| 260 |
_aLahore London, Bonn _bIqbal S.hussain _c2003 |
||
| 300 | _a381p | ||
| 942 |
_cBK _2ddc |
||
| 999 |
_c562288 _d562288 |
||